000 00717nam a2200217Ia 4500
001 11466
003 GE_BSU
008 181216s||||||||xx |||||||||||||| ||und||
040 _cGE_BSU
080 _a347.235.1(075.8)
100 _aჭინჭარაული,ნ.
245 _aმიწის კადასტრი.
245 _bსახელმძღვ.სას.სამ. ინ–ტის სტუდენტებისათვის.
245 _cრედ:მ.აბაშიძე.
260 _aთბილისი.
260 _bგანათლება.
260 _c1987.
300 _a322გვ;22სმ.
653 _aმიწის კადასტრი.
942 _cBK
999 _c44663
_d44663